Circonscriptions législatives de la Corse et des territoires d'Outre-mer sur une carte - Statistiques

Statistiques générales
  • Ce quiz a été pris 88 fois
  • Le résultat moyen est 24 sur 31
Réponses sur la Carte
Les réponses sont colorées sur une échelle allant du rouge au vert en fonction du pourcentage des utilisateurs qui les ont devinées à leur premier essai. Vous pouvez retrouver ces pourcentages ci-dessous.
 
Statistiques - réponses
Numéro Cantons inclus dans la circonscription % Correct
1 L'Ile des Pins, Lifou, Maré, Nouméa, Ouvéa
99%
1 Saint-Pierre et Miquelon
99%
2 L'Ajoupa-Bouillon, Basse-Pointe, Case-Pilote, Le Carbet, Le Lorrain, Macouba, Le Marigot, Le Morne-Rouge, Le Prêcheur, Saint-Pierre, Saint-Joseph, Schœlcher I, Schœlcher II, Sainte-Marie I, Sainte-Marie II
97%
4 Petite-Ile, Saint-Joseph I, Saint-Joseph II, Saint-Pierre I, Saint-Pierre II, Saint-Pierre III, Saint-Pierre IV
97%
1 Ajaccio I, Ajaccio II, Ajaccio III, Ajaccio IV, Ajaccio V, Ajaccio VII, Celavo-Mezzana, Cruzini-Cinarca, Les Deux-Sevi, Les Deux-Sorru
96%
2 Ajaccio VI, Bastelica, Bonifacio, Figari, Levie, Olmeto, Petreto-Bicchisano, Porto-Vecchio, Santa-Maria-Siché, Sartène, Tallano-Scopamène, Zicavo
96%
1 Bastia I, Bastia II, Bastia III, Bastia IV, Bastia V, Bastia VI, Borgo, Capobianco, La Conca-d'Oro, Le Haut-Nebbio, Sagro-di-Santa-Giulia, San-Martino-di-Lota
96%
1 Approuague-Kaw, Cayenne I Nord-Ouest, Cayenne II Nord-Est, Cayenne III Sud-Ouest, Cayenne IV Centre, Cayenne V Sud, Cayenne VI Sud-Est, Matoury, Remire-Montjoly, Roura, Saint-Georges-Oyapock
94%
6 Saint-André I, Saint-Denis VII, Saint-Denis IX, Sainte-Marie, Sainte-Suzanne
94%
1 Saint-Denis I, Saint-Denis II, Saint-Denis III, Saint-Denis IV, Saint-Denis V, Saint-Denis VI, Saint-Denis VIII
94%
1 Acoua, Bandraboua, Dzaoudzi, Koungou, Mamoudzou I, Mamoudzou II, Mtsamboro, Pamandzi
93%
2 Bandrele, Bouéni, Chiconi, Chirongui, Dembeni, Kani-Kéli, Mamoudzou III, M'Tsangamouji, Ouangani, Sada, Tsingoni
93%
4 Basse-Terre I, Basse-Terre II, Bouillante, Capesterre-Belle-Eau I, Capesterre-Belle-Eau II, Gourbeyre, Saint-Claude, Les Saintes, Trois-Rivières, Vieux-Habitants
93%
3 Fort-de-France I, Fort-de-France II, Fort-de-France III, Fort-de-France IV, Fort-de-France V, Fort-de-France VI, Fort-de-France VII, Fort-de-France VIII, Fort-de-France IX, Fort-de-France X
88%
1 Les Abymes I, Les Abymes II, Les Abymes III, Les Abymes IV, Les Abymes V, Capesterre-de-Marie-Galante, Grand-Bourg, Morne-à-l'Eau I, Morne-à-l'Eau II, Pointe-à-Pitre I, Pointe-à-Pitre II, Pointe-à-Pitre III, Saint-Louis
88%
2 Alto-di-Casaconi, Belgodère, Bustanico, Calenzana, Calvi, Campoloro-di-Moriani, Castifao-Morosaglia, Corte, Fiumalto-d'Ampugnani, Ghisoni, l'Ile-Rousse, Moïta-Verde, Niolu-Omessa, Orezza-Alesani, Prunelli-di-Fiumorbo, Venaco, Vescovato, Vezzani
87%
2 Iracoubo, Kourou, Macouria, Mana, Maripasoula, Montsinéry-Tonnegrande, Saint-Laurent-du-Maroni, Sinnamary
87%
7 Les Avirons, L'Etang-Salé, Saint-Leu I, Saint-Leu II, Saint-Louis I, Saint-Paul IV, Saint-Paul V, Les Trois-Bassins
85%
2 Le Port I Nord, Le Port II Sud, La Possession, Saint-Paul I, Saint-Paul II, Saint-Paul III
84%
1 Anaa, Arue, Arutua, Fakarava, Fangatau, Fatu-Hiva, Gambier, Hao, Hikueru, Hiva-Oa, Makemo, Manihi, Moorea-Maiao, Napuka, Nuku-Hiva, Nukutavake, Papeete, Pirae, Pukapuka, Rangiroa, Reao, Tahuata, Takaroa, Tatakoto, Tureia, Ua-Huka, Ua-Pou
75%
3 Saint-Louis III-Cilaos, Entre-Deux, Saint-Louis II, Le Tampon I, Le Tampon II, Le Tampon III, Le Tampon IV
73%
1 Saint-Barthelemy, Saint-Martin
69%
1 Wallis-et-Futuna
69%
5 Bras-Panon, La Plaine-des-Palmistes, Saint-André II, Saint-André III, Saint-Benoît I, Saint-Benoît II, Saint-Philippe, Sainte-Rose, Salazie
66%
1 Le François I, Le François II, Gros-Morne, Le Lamentin I, Le Lamentin II, Le Lamentin III, Le Robert I, Le Robert II, La Trinité
54%
4 Les Anses-d'Arlets, Le Diamant, Ducos, Le Marin, Rivière-Pilote, Rivière-Salée, Saint-Esprit, Sainte-Anne, Sainte-Luce, Les Trois-Ilets, Le Vauclin
49%
3 Baie-Mahault, Goyave, Lamentin, Petit-Bourg, Pointe-Noire, Sainte-Rose I, Sainte-Rose II
45%
2 La Désirade, Le Gosier I, Le Gosier II, Le Moule I, Le Moule II, Petit-Canal, Port-Louis, Saint-François, Sainte-Anne I, Sainte-Anne II
37%
3 Bora-Bora, Faaa, Huahine, Maupiti, Punaauia, Tahaa, Taputapuatea, Tumaraa, Uturoa
36%
2 Belep, Bouloupari, Bourail, Canala, Dumbéa, Farino, Hienghène, Houaïlou, Kaala-Gomen, Koné, Kouaoua, Koumac, La Foa, Moindou, Le Mont-Dore, Ouégoa, Païta, Poindimié, Ponérihouen, Pouebo, Pouembout, Poum, Poya, Sarraméa, Thio, Touho, Voh, Yaté
22%
2 Hitiaa O Te Ra, Mahina, Paea, Papara, Raivavae, Rapa, Rimatara, Rurutu, Taiarapu Est, Taiarapu Ouest, Teva I Uta, Tubuai
9%
Aucun quiz correspondant
Distribution des résultats
% des personnes avec chaque résultat
Percentile par nombre de réponses
Votre historique - résultats
Vous n’avez pas pris ce quiz